Communes de Seine-Maritime et d'Oise qui terminent par -en-Bray - Statistiques

Statistiques générales
  • Ce quiz a été pris 15 fois
  • Le résultat moyen est 4 sur 18
Statistiques - réponses
Commune Population (2023) Département % Correct
{Neufchâtel}-en-Bray 4 662 Seine-Maritime
93%
{Gournay}-en-Bray 5 723 Seine-Maritime
79%
{Ferrières}-en-Bray 1 669 Seine-Maritime
29%
{Sigy}-en-Bray 490 Seine-Maritime
29%
{Bures}-en-Bray 302 Seine-Maritime
21%
{Avesnes}-en-Bray 280 Seine-Maritime
14%
{Elbeuf}-en-Bray 395 Seine-Maritime
14%
{Fontaine}-en-Bray 165 Seine-Maritime
14%
{Mesnières}-en-Bray 940 Seine-Maritime
14%
{Ons}-en-Bray 1 367 Oise
14%
{Berneuil}-en-Bray 813 Oise
7%
{Cuigy}-en-Bray 987 Oise
7%
{Dampierre}-en-Bray 451 Seine-Maritime
7%
{Hodenc}-en-Bray 478 Oise
7%
{Puiseux}-en-Bray 398 Oise
7%
{Roncherolles}-en-Bray 477 Seine-Maritime
7%
{Saint}-{Aubin}-en-Bray 1 174 Oise
7%
{Saint}-{Léger}-en-Bray 378 Oise
7%
Aucun quiz correspondant
Distribution des résultats
% des personnes avec chaque résultat
Percentile par nombre de réponses
Votre historique - résultats
Vous n’avez pas pris ce quiz